Vysoké Tatry Končistá (2535 m) : Batizovský štít (2448 m) a Gerlachovský štít (2655 m)

Podrobná bibliografia
Ďalší autori: Uhrín (Fotograf)
Médium: Fotografia
Jazyk:slovenčina
PhysicalDescription:1 pohľadnica čiernobiela 11x22 cm
Vydavateľské údaje: [Bratislava] [VPL] [s.a.]
Predmet:

MARC

LEADER 00000nkm a2200000 a 4500
001 vtls010691375
003 SK-MaSNL
005 20260331205923.0
007 kf bo
008 231206n xo g 00 kzslo
015 |a SNBG 
035 |a 5EE01C92-DE7C-411A-9D95-E206D02D6738 
035 |a urn:nbn:sk:snk-kmxy9b 
035 |a urn:nbn:sk:snk-km004xg0 
040 |a SNK  |b slo  |c SNK  |e AACR2 
041 0 |a slo 
043 |a e-xo--- 
044 |a xo  |c SK 
080 |a 908(437.6)  |2 2001 
080 |a (084.121)  |2 2001 
080 |a (234.372.4)  |2 2008 
080 |a 911.2(23.0)  |2 2001 
100 1 |a Uhrín  |4 pht  |9 487919 
245 1 0 |a Vysoké Tatry  |h grafika  |b Končistá (2535 m) : Batizovský štít (2448 m) a Gerlachovský štít (2655 m)  |c Foto Uhrín 
260 |a [Bratislava]  |b [VPL]  |c [s.a.] 
300 |a 1 pohľadnica  |b čiernobiela  |c 11x22 cm 
650 0 7 |a pohoria  |2 SNKPH  |9 44054 
651 7 |a Vysoké Tatry (Poľsko a Slovensko : pohorie)  |2 SNKPHgeo  |9 67729 
651 7 |a Končistá (Vysoké Tatry, Slovensko : štít)  |2 SNKPH  |9 55665 
651 7 |a Batizovský štít (Vysoké Tatry, Slovensko)  |2 SNKPH  |9 55739 
651 7 |a Gerlachovský štít (Vysoké Tatry, Slovensko)  |2 SNKPH  |9 56221 
655 7 |a miestne pohľadnice  |2 SNKPH  |9 70510 
852 |a Slovenská národná knižnica 
958 |a GC 
958 |a GBN 
958 |a OND 
999 |c 756313  |d 758243 
952 |a SNK  |b SNK  |y PREZ  |7 0  |p 17A0700307  |o snkSP 1696/a  |0 0  |1 0  |4 0  |d 2015-07-09  |f 1  |l 0  |r 2026-02-23 23:49:02  |w 2026-02-23